000 005420000a22002050004500
003 LK-CoMWRAF
005 20231106163523.0
008 230817t1998 ||||| |||| 00| 0 eng d
020 _a195613228
040 _aLK-CoMWRAF
_dLK-CoMWRAF
_eLK-CoMWRAF
041 _aeng
082 _a954
_bNEH
100 _a Nehru, Jawaharlal
245 _aThe discovery of India
250 _a18th ed.
260 _aNew Delhi:
_bJawaharlal Nehru Memorial Fund,
_c1998
300 _a582 p. ; 23 cm.
_bIndex included
650 _aINDIA-History
942 _cBK
999 _c1415
_d1415